| 000 | 005740000a22001810004500 | ||
|---|---|---|---|
| 003 | MACL | ||
| 005 | 20160422122732.0 | ||
| 008 | 160422b xxu||||| |||| 00| 0 eng d | ||
| 040 |
_aMACL _cMACL |
||
| 041 | _aHindi | ||
| 082 | _a780 BHA | ||
| 100 |
_aभार्गव अनिल _953311 |
||
| 245 |
_aहिन्दी फिल्म संगीत 75 वर्षो का सफर _b1931 से 2005 |
||
| 260 |
_bवाडमय प्रकाशन _c2006 _aजयपुर |
||
| 350 | _a600 | ||
| 650 |
_aMusic _953312 |
||
| 942 |
_cHIN _k780/BHA _2ddc |
||
| 999 |
_c42721 _d42721 |
||